000 01332nam a22003737a 4500
003 CHAP
005 20220329133608.0
008 971013s1992 r 00010 d
010 _a8345
011 _a9317
035 _a8552
040 _cCHAP
090 _aTesis
100 0 0 _aTalavera Magaña, Daniel.
_9111399
245 _aComponentes del rendimiento y análisis de crecimiento de Atriples canescens (Pursh) Nutt en tres tipos de suelo y diferentes niveles de humedad
260 _aMontecillo, Méx. :
_bEl autor,
_c1992
300 _a88 h.
_b; gráfs
502 _aTesis (M.C. Esp. en Ganadería) -- C.P. Centro de Ganadería
590 _aALEPH
_b10
_c20130110
_lUCH01
_h1222
590 _aBATCH-UPD
_b10
_c20130110
_lUCH01
_h0129
590 _aBATCH-UPD
_b10
_c20130110
_lUCH01
_h1216
590 _aBATCH-UPD
_b10
_c20130409
_lUCH01
_h2124
590 _aBATCH-UPD
_b10
_c20130410
_lUCH01
_h0753
590 _aBATCH-UPD
_b10
_c20130914
_lUCH01
_h0425
590 _aCONVERSION
_b10
_c20130109
_lUCH01
_h1306
650 1 4 _aÁrboles
_xCrecimiento.
_96583
650 1 4 _aAtriplex canescens.
_98274
650 1 4 _aSuelos
_xClasificación.
_9110239
650 1 4 _aSuelos
_xHumedad.
_9110391
901 _aBK
942 _cFOLL
949 _bBC
_cTES
_d-18782
_eTS1
_h25776
_i8552
_mD
_si
949 _bBC
_cTES
_d-18783
_eTS2
_fc.2
_h25777
_i8552
_mD
_si
999 _c8345
_d8345